000 01727nam0a2200337 i 4500
001 RU\NLR\BIBL_A\010002377
005 20240921201509.0
010 _a9785811415380
_91000
021 _aRU
_b2013-76380
_95258
035 _a(NLR Aleph) 010002377
090 _a9803141
_c9803141
100 _a20131108d2013 um y0rusy50 ca
101 0 _arus
_ager
102 _aRU
105 _ay|||e||||||||
200 9 _aТематический русско-немецкий - немецко-русский словарь сельскохозяйственных терминов
_eучебное пособие
_e[по направлениям подготовки: "Ветеринария", "Зоотехния", "Биология", "Агроинженерия", "Агрономия"]
_fГ.Н. Тартынов
210 _aСанкт-Петербург [и др.]
_cЛань
_d2013
215 _a126, [1] с.
_d20
225 2 _aУчебники для вузов
_iСпециальная литература
606 1 _aРусский язык
_xТерминология сельскохозяйственная
_xСловари
_xНемецкий язык
_92614413
_3RU\NLR\AUTH\661550971
606 1 _aНемецкий язык
_xТерминология сельскохозяйственная
_xСловари
_xРусский язык
_91748237
_3RU\NLR\AUTH\66782915
675 _a63(038)-811.161.1-112.2(075.8)
686 1 _aШ141.12-434.1
686 1 _aШ143.24-434.2
700 1 _aТартынов
_bГ. Н.
_gГеннадий Николаевич
801 0 _aRU
_bRuMoRKP
_c20130919
_gRCR
801 2 _aRU
_bРГБ
_c20131007
_grcr
942 _cBOOK
980 _aNBR